000 00615nam a2200217 i 4500
001 93156
003 ES-MaACL
005 20250728223634.0
007 t|
008 050408s1965 sp ||||1| spa d
100 1 _aLondoño, Carlos Mario.
_973221
245 1 0 _aLibertad y propiedad /
_cCarlos Mario Londoño.
260 _aMadrid :
_bRialp,
_c1965.
300 _a195 p. ;
_c20 cm.
490 1 _aNaturaleza e Historia ;
_v13
650 0 4 _aPropiedad.
_916476
830 0 0 _aNaturaleza e historia
_v13
_9182943
852 _aES-MaACL
_jC-29113
_bR.59476
852 _aES-MaACL
_jE-4866
999 _c93156
_d93156